| 000 | 00891nam a2200289Ia 4500 | ||
|---|---|---|---|
| 001 | Z_2368 | ||
| 003 | CHAP | ||
| 008 | 220113s1994 xx 000 0 und d | ||
| 010 | _a165425 | ||
| 040 | _cCHAP | ||
| 090 | _aTesis R 881 | ||
| 100 |
_aRamírez Suárez, Paulino _994295 |
||
| 245 |
_aProducción ovina en el área forestal del Pico de Orizaba / _cpor Paulino Ramírez Suárez y Marco Antonio Hernández García |
||
| 260 |
_aChapingo, Méx. : _bEl autor, _c1994 |
||
| 300 | _a60 h. | ||
| 502 | _aTesis (Ing. Agr. Esp. en Zootecnia) -- UACH. Departamento de Zootecnia | ||
| 650 |
_aGanado lanar _xParásitos _945208 |
||
| 650 |
_aGanado lanar _xPeso _945211 |
||
| 650 |
_aGanado lanar _xProducción _945214 |
||
| 700 |
_aHernández García, Marco antonio _954052 |
||
| 901 | _aTESIS R 881 | ||
| 902 | _aM | ||
| 910 | _a1994 | ||
| 942 | _c2 | ||
| 942 | _c2 | ||
| 999 |
_c165425 _d165425 |
||